| 000 | 00872nam a2200217 i 4500 | ||
|---|---|---|---|
| 001 | 64514 | ||
| 003 | ES-MaACL | ||
| 005 | 20251118191623.0 | ||
| 007 | t| | ||
| 008 | 031226s1948 sp ||||1| spa d | ||
| 100 | 1 |
_aFont Puig, Pedro. _951567 |
|
| 245 | 1 | 0 |
_aFundamentación moral, según Balmes de la doctrina y de la reformas sociales / _cpor Pedro Font Puig. |
| 260 |
_aMadrid : _b[s.n., _c1948] ( _fAfrodisio Aguado) |
||
| 300 |
_a13 p. ; _c25 cm. |
||
| 500 | _aEs separata de: Revista Internacional de Sociología, nº 22-23, abril-septiembre. | ||
| 500 | _aPrecede al tit.: Consejo Superior de Investigaciones Científicas, Instituto Balmes de Sociología. | ||
| 600 | 1 | 4 |
_aBalmes, Jaime, _d1810-1848- _xCrítica e interpretación _925097 |
| 710 | 2 |
_aInstituto Balmes de Sociología. _94799 |
|
| 852 |
_aES-MaACL _j1900-F-4 _bR.28766 |
||
| 999 |
_c64514 _d64514 |
||